Evénements du 23 juillet - Statistiques

Statistiques générales
  • Ce quiz a été pris 28 fois
  • Le résultat moyen est 8 sur 15
Statistiques - réponses
Hint Réponse % Correct
L'Autriche-Hongrie adresse un ultimatum à la Serbie après l'assassinat de son prince héritier à Sarajevo 1914
100%
Ouverture des Jeux de Tokyo avec un retard d'un an à cause de la pandémie 2021
100%
Entrée en activité du camp de Treblinka 1942
90%
Ouverture du procès de Philippe Pétain 1945
71%
Andrew Windsor épouse Sarah Ferguson 1986
62%
300 personnes quittent Dieppe pour le Canada 1632
57%
Renversement de la monarchie en Egypte 1952
57%
Naissance de Mathieu Madénian 1976
52%
Attentats de Charm el-Cheikh en Egypte - 88 morts 2005
52%
Naissance du chanteur Claude Barzotti 1953
43%
Vente des 1ers cônes glacés 1904
24%
Découverte de la comète Hale-Bopp 1995
24%
1ère interprétation de L'Internationale par une chorale à Lille 1888
14%
Les Japonais envahissent Séoul 1894
10%
Ford vend sa 1ère voiture 1903
10%
Aucun quiz correspondant
Distribution des résultats
% des personnes avec chaque résultat
Percentile par nombre de réponses
Votre historique - résultats
Vous n’avez pas pris ce quiz